=LDR 00000nam 2200000 4500 =001 INLIS00000000000063 =005 20260702043538 =020 ##$$a 978-623-5690-13-1 =082 ##$$a 616.024 =100 1#$$a Fadhli, Aulia =245 1 $$a Menjadi Dokter Untuk Keluarga Sendiri /$c Aulia Fadhli =300 ##$$a x + 184 ; 16 x 23 cm